Şimdiki zamanın izinde (Record no. 7797)

000 -LEADER
fixed length control field 00832nmm a2200265 a 4500
001 - CONTROL NUMBER
control field ocm000655923
003 - CONTROL NUMBER IDENTIFIER
control field TR-IsHL
005 - DATE AND TIME OF LATEST TRANSACTION
control field 20201028141411.0
008 - FIXED-LENGTH DATA ELEMENTS--GENERAL INFORMATION
fixed length control field 131226s2000 tu tur
007 - PHYSICAL DESCRIPTION FIXED FIELD--GENERAL INFORMATION
fixed length control field cr cn
020 ## - INTERNATIONAL STANDARD BOOK NUMBER
International Standard Book Number 9789758257751
035 ## - SYSTEM CONTROL NUMBER
System control number 655923
-- (N$T)
050 04 - LIBRARY OF CONGRESS CALL NUMBER
Classification number PL248.Y87
Item number S5 2000
090 04 - LOCALLY ASSIGNED LC-TYPE CALL NUMBER (OCLC); LOCAL CALL NUMBER (RLIN)
Classification number (OCLC) (R) ; Classification number, CALL (RLIN) (NR) PL248.Y87
Local cutter number (OCLC) ; Book number/undivided call number, CALL (RLIN) S5 2000
100 1# - MAIN ENTRY--PERSONAL NAME
Personal name Yusuf, Selahattin
245 10 - TITLE STATEMENT
Title Şimdiki zamanın izinde
Medium [electronic resource] /
Statement of responsibility, etc. Selahattin Yusuf
260 ## - PUBLICATION, DISTRIBUTION, ETC.
Place of publication, distribution, etc. İstanbul :
Name of publisher, distributor, etc. Birey Yayıncılık,
Date of publication, distribution, etc. 2000
300 ## - PHYSICAL DESCRIPTION
Extent 144 p.
650 #4 - SUBJECT ADDED ENTRY--TOPICAL TERM
Topical term or geographic name entry element Dil ve Edebiyat
650 #4 - SUBJECT ADDED ENTRY--TOPICAL TERM
Topical term or geographic name entry element Language and Literature
650 #0 - SUBJECT ADDED ENTRY--TOPICAL TERM
Topical term or geographic name entry element Türk denemesi
650 #0 - SUBJECT ADDED ENTRY--TOPICAL TERM
Topical term or geographic name entry element Turkish essay
650 #7 - SUBJECT ADDED ENTRY--TOPICAL TERM
Topical term or geographic name entry element LITERARY COLLECTIONS / Middle Eastern
Source of heading or term bisacsh
856 40 - ELECTRONIC LOCATION AND ACCESS
Uniform Resource Identifier <a href="http://search.ebscohost.com/login.aspx?direct=true&scope=site&db=e011xww&AN=655923">http://search.ebscohost.com/login.aspx?direct=true&scope=site&db=e011xww&AN=655923</a>
Holdings
Withdrawn status Lost status Source of classification or shelving scheme Damaged status Not for loan Collection code Permanent Location Current Location Date acquired Total Checkouts Full call number Barcode Date last seen Price effective from Koha item type
        Online   Kıbrıs Amerikan Üniversitesi Kütüphanesi / American University of Cyprus Kıbrıs Amerikan Üniversitesi Kütüphanesi / American University of Cyprus 28.10.2020   PL248.Y87 S5 2000 655923 28.10.2020 28.10.2020 E-Kitap
Devinim Yazılım Eğitim Danışmanlık tarafından Koha'nın orjinal sürümü uyarlanarak geliştirilip kurulmuştur.